000 00311nam a22001337a 4500
008 170213b xxu||||| |||| 00| 0 eng d
020 _a0683077434
041 _aeng
080 _23ED
_a61
100 _a4
101 _aSHM
245 _aUNDERSTANDING HUMAN BEHAVIOR HEALTH ILLNESS
_cSIMONS .C
942 _2udc
_cBK
999 _c5242
_d5242